Marketing planning and strategy (Record no. 82666)

MARC details
000 -LEADER
fixed length control field 01448nam a2200229 a 4500
008 - FIXED-LENGTH DATA ELEMENTS--GENERAL INFORMATION
fixed length control field 120416s1981 ||||||||||||||||| || u
020 ## - INTERNATIONAL STANDARD BOOK NUMBER
International Standard Book Number 0538191201
050 ## - LIBRARY OF CONGRESS CALL NUMBER
Classification number HF 5415.13 Jai
100 ## - MAIN ENTRY--PERSONAL NAME
Personal name Jain, Subhash C
245 10 - TITLE STATEMENT
Title Marketing planning and strategy
260 ## - PUBLICATION, DISTRIBUTION, ETC.
Place of publication, distribution, etc. Cincinnati
Name of publisher, distributor, etc. South-Western Publishing
Date of publication, distribution, etc. 1981
300 ## - PHYSICAL DESCRIPTION
Extent xiv, 652p. : ill.
350 ## -
-- 0.00
650 #0 - SUBJECT ADDED ENTRY--TOPICAL TERM
Topical term or geographic name entry element MARKETING--MANAGEMENT--CASE STUDIES
650 ## - SUBJECT ADDED ENTRY--TOPICAL TERM
Topical term or geographic name entry element MARKETING--MANAGEMENT
995 ## -
-- ANNEX COLLECTION (Main Library)
-- 0.00
-- 703795
-- CBU-MAIN LIBRARY (Kitwe)
-- 1
-- 0.00
-- HF 5415.13 Jai
-- 5
-- AVAILABLE
-- 005174
-- Annex Low-Usage Collection
995 ## -
-- MAIN LIBRARY OPEN ACCESS
-- 0.00
-- 737427
-- CBU-MAIN LIBRARY (Kitwe)
-- 1
-- 0.00
-- HF 5415.13 Jai
-- 6
-- AVAILABLE
-- Nov 7, 2006
-- 52608
-- Main Library Open Access Collection
995 ## -
-- ANNEX COLLECTION (Main Library)
-- 0.00
-- 713140
-- CBU-MAIN LIBRARY (Kitwe)
-- 5
-- 0.00
-- HF 5415.13 Jai
-- 1
-- AVAILABLE
-- 005170
-- Annex Low-Usage Collection
995 ## -
-- MAIN LIBRARY OPEN ACCESS
-- 0.00
-- 713141
-- CBU-MAIN LIBRARY (Kitwe)
-- 3
-- 0.00
-- HF 5415.13 Jai
-- 3
-- AVAILABLE
-- 005172
-- Main Library Open Access Collection
995 ## -
-- ANNEX COLLECTION (Main Library)
-- 0.00
-- 713139
-- CBU-MAIN LIBRARY (Kitwe)
-- 4
-- 0.00
-- HF 5415.13 Jai
-- 4
-- AVAILABLE
-- 005173
-- Annex Low-Usage Collection
995 ## -
-- ANNEX COLLECTION (Main Library)
-- 0.00
-- 713142
-- CBU-MAIN LIBRARY (Kitwe)
-- 2
-- 0.00
-- HF 5415.13 Jai
-- 2
-- AVAILABLE
-- 005171
-- Annex Low-Usage Collection
999 ## -
-- 82666
-- 82666
Holdings
Withdrawn status Lost status Source of classification or shelving scheme Damaged status Not for loan Permanent Location Current Location Shelving location Date acquired Total Checkouts Full call number Barcode Date last seen Copy number Price effective from Koha item type
          CBU-MAIN LIBRARY, KITWE. CBU-MAIN LIBRARY, KITWE.   09/29/2023   HF 5415.13 Jai 005174 09/29/2023 1 09/29/2023 MONOGRAPH
          CBU-MAIN LIBRARY, KITWE. CBU-MAIN LIBRARY, KITWE.   09/29/2023   HF 5415.13 Jai 52608 09/29/2023 2 09/29/2023 MONOGRAPH
Withdrawn         CBU-MAIN LIBRARY, KITWE. CBU-MAIN LIBRARY, KITWE.   09/29/2023   HF 5415.13 Jai 005170 09/29/2023 3 09/29/2023 MONOGRAPH
          CBU-MAIN LIBRARY, KITWE. CBU-MAIN LIBRARY, KITWE.   09/29/2023   HF 5415.13 Jai 005172 09/29/2023 4 09/29/2023 MONOGRAPH
Withdrawn         CBU-MAIN LIBRARY, KITWE. CBU-MAIN LIBRARY, KITWE.   09/29/2023   HF 5415.13 Jai 005173 09/29/2023 5 09/29/2023 MONOGRAPH
          CBU-MAIN LIBRARY, KITWE. CBU-MAIN LIBRARY, KITWE.   09/29/2023   HF 5415.13 Jai 005171 09/29/2023 6 09/29/2023 MONOGRAPH